| 000 | 00714cam a22002533a 4500 | ||
|---|---|---|---|
| 001 | 2163 | ||
| 003 | PGUSA | ||
| 005 | 20140828083011.0 | ||
| 008 | 060226s2006||||xxu|||||s|||||000 1 eng d | ||
| 040 |
_aPGUSA _beng |
||
| 042 | _adc | ||
| 050 | 4 | _aPR | |
| 100 | 1 |
_aKipling, Rudyard, _d1865-1936 |
|
| 245 | 1 | 4 |
_aThe Bridge-Builders _h[electronic resource] / _cRudyard Kipling |
| 260 |
_bProject Gutenberg, _c2006 |
||
| 506 | _aPublic domain in the USA. | ||
| 516 | _aElectronic text | ||
| 653 | _aShort stories | ||
| 653 | _aIndia -- Fiction | ||
| 653 | _aBridges -- Design and construction -- Fiction | ||
| 830 | 0 |
_aProject Gutenberg _v2163 |
|
| 856 | 4 | 0 | _uhttp://www.gutenberg.org/ebooks/2163 |
| 942 | _cEB | ||
| 999 |
_c231501 _d231501 |
||